000
00313nam a2200133Ia 4500
008
211109s9999||||xx |||||||||||||| ||und||
082
_a
11.34
_b
HIN-V
100
_a
Hindu
245
0
_a
Volume title
260
_b
Hindu
_a
New Delhi
_c
2009
630
_x
Reference Reading Room
650
_v
Generalia
942
_c
BOOK
999
_c
53800
_d
53800